Aceros de alta resistencia / (Record no. 177641)

MARC details
000 -LEADER
campo de control de longitud fija 00742nam a22002175i 4500
001 - NÚMERO DE CONTROL
campo de control 177641
003 - IDENTIFICADOR DE NÚMERO DE CONTROL
campo de control ES-MaACL
005 - FECHA Y HORA DE LA ÚLTIMA TRANSACCIÓN
campo de control 20230906220359.0
008 - DATOS DE LONGITUD FIJA--INFORMACIÓN GENERAL
campo de control de longitud fija 110408s1965 sp ado |||| | spa d
080 ## - NÚMERO DE LA CLASIFICACIÓN DECIMAL UNIVERSAL
Número de la Clasificación Decimal Universal 669.18
100 1# - ENTRADA PRINCIPAL--NOMBRE DE PERSONA
Nombre de persona García Poggio, José Antonio.
9 (RLIN) 55126
245 10 - MENCIÓN DEL TÍTULO
Título Aceros de alta resistencia /
Mención de responsabilidad, etc. por José Antonio García Poggio.
260 ## - PUBLICACIÓN, DISTRIBUCIÓN, ETC.
Lugar de publicación, distribución, etc. Madrid :
Nombre del editor, distribuidor, etc. Montecorvo,
Fecha de publicación, distribución, etc. 1965.
300 ## - DESCRIPCIÓN FÍSICA
Extensión 283 p. :
Otras características físicas il. bl. y n. ;
Dimensiones 25 cm.
490 1# - MENCIÓN DE SERIE
Mención de serie Monografías. Colección de estudios técnicos ;
Designación de volumen o secuencia 8
504 ## - NOTA DE BIBLIOGRAFÍA, ETC.
Nota de bibliografía, etc. Incluye referencias bibliográficas.
650 04 - PUNTO DE ACCESO ADICIONAL DE MATERIA--TÉRMINO DE MATERIA
Término de materia o nombre geográfico como elemento de entrada Acero.
9 (RLIN) 146072
830 0# - PUNTO DE ACCESO ADICIONAL DE SERIE-TÍTULO UNIFORME
Título uniforme Monografías. Colección de estudios técnicos ;
Designación de volumen o secuencia 8
9 (RLIN) 190526
852 ## - LOCALIZACIÓN
Ubicación ES-MaACL
Número de control de estantería E-14843
Encuadernación Olim P-251-bis
Holdings
Estatus retirado Estado de pérdida Estado de daño No para préstamo Biblioteca de origen Biblioteca actual Ubicación en estantería Fecha de adquisición Fuente de adquisición Total de préstamos Signatura topográfica completa Código de barras Visto por última vez Precio de reemplazo Tipo de ítem Koha
        Biblioteca del Ateneo de Madrid Biblioteca del Ateneo de Madrid Depósito 2 08/04/2011     E-14843 1186591 23/02/2023 23/02/2023 Libro impreso